00409nam a2200133 a 450000100100000000500170001000800410002704000250006808200150009310000310010824500760013926000330021530000270024800002518620200930023620.0110211s1982 dr a 000 0 spa d aDO-SdBNPbspacBNPHU axxxbM358b1 aMarranzini Aristy, Féliz10aBuena alimentación..... salud para todos /cFéliz Marranini Aristy. aSanto DomingofValdezc1982. a19 p. :bil. ;c22 cm.